[Event "VII Festival Magistrale"]
[Site "Marostica ITA"]
[Date "1997.09.??"]
[Round "1"]
[White "Guido, Flavio"]
[Black "Pegoraro, Nicola"]
[Result "1/2-1/2"]
[WhiteElo "2335"]
[BlackElo "2115"]
[PlyCount "51"]
[EventDate "1997.09.07"]

1. e4 c5 2. c3 e5 3. Nf3 Nc6 4. Bc4 Qc7 5. O-O Nf6 6. Re1 Be7 7. Bb3 O-O 8. h3
a6 9. d4 d6 10. a4 Bd7 11. dxc5 dxc5 12. Nbd2 b5 13. Nh2 Na5 14. Bc2 Be6 15.
Qe2 Rab8 16. Nhf1 Nc4 17. axb5 axb5 18. b3 Nxd2 19. Bxd2 c4 20. b4 Ra8 21. Ng3
Rfc8 22. Bg5 Ne8 23. Bxe7 Qxe7 24. Nf5 Qc7 25. Qe3 f6 26. f3 1/2-1/2

[Event "VII Festival Magistrale"]
[Site "Marostica ITA"]
[Date "1997.09.??"]
[Round "1"]
[White "Lapiccirella, Mattia"]
[Black "Alberton, Roberto"]
[Result "0-1"]
[WhiteElo "1930"]
[BlackElo "2190"]
[PlyCount "50"]
[EventDate "1997.09.07"]

1. d4 f5 2. Nf3 Nf6 3. g3 g6 4. Bg2 Bg7 5. O-O d6 6. c4 O-O 7. Nc3 Qe8 8. d5
Na6 9. Nd4 Bd7 10. Rb1 c6 11. Be3 h6 12. Qd2 Ng4 13. Rfd1 Nc7 14. b4 g5 15. c5
Qh5 16. h3 Ne5 17. dxc6 bxc6 18. b5 f4 19. gxf4 gxf4 20. Bxf4 Bxh3 21. Nxc6
Nxc6 22. bxc6 Qg4 23. Bg3 Bxg2 24. Kxg2 Be5 25. cxd6 Rxf2+ 0-1

[Event "VII Festival Magistrale"]
[Site "Marostica ITA"]
[Date "1997.09.??"]
[Round "1"]
[White "Lucaroni, Massimiliano"]
[Black "Di Lazzaro, Gabriele"]
[Result "1-0"]
[WhiteElo "2280"]
[BlackElo "2030"]
[PlyCount "69"]
[EventDate "1997.09.07"]

1. e4 g6 2. d4 Bg7 3. Nf3 d6 4. Bc4 e6 5. Bg5 Ne7 6. Nbd2 h6 7. Be3 O-O 8. c3
d5 9. Bb3 b6 10. e5 Ba6 11. h4 Nd7 12. h5 Nf5 13. hxg6 fxg6 14. Nf1 c5 15. Qd2
g5 16. O-O-O cxd4 17. cxd4 Rc8+ 18. Kb1 Nb8 19. Ng3 Nxg3 20. fxg3 Nc6 21. g4
Qe7 22. a3 Na5 23. Bc2 Nc4 24. Qd3 Rf7 25. Bc1 Qc7 26. Qg6 Kf8 27. b3 Na5 28.
a4 Qe7 29. Rxh6 Rxc2 30. Kxc2 Bxh6 31. Qxh6+ Ke8 32. Bxg5 Qa3 33. Qxe6+ Kf8 34.
Bh6+ Kg8 35. Qe8+ 1-0

[Event "VII Festival Magistrale"]
[Site "Marostica ITA"]
[Date "1997.09.??"]
[Round "1"]
[White "Marchini, Massimo"]
[Black "Cacco, Christian"]
[Result "0-1"]
[WhiteElo "2150"]
[BlackElo "2175"]
[PlyCount "92"]
[EventDate "1997.09.07"]

1. e4 e6 2. d4 d5 3. Nd2 c5 4. exd5 exd5 5. Ngf3 Nc6 6. Bb5 Bd6 7. O-O Nge7 8.
dxc5 Bxc5 9. Nb3 Bb6 10. Re1 O-O 11. Bg5 f6 12. Be3 Bc7 13. Bc5 Re8 14. Nfd4
Bd6 15. c4 Bxc5 16. Nxc5 Qd6 17. b4 a6 18. Bxc6 bxc6 19. cxd5 cxd5 20. Qa4 Bg4
21. h3 Bh5 22. Qd7 Qxd7 23. Nxd7 Ra7 24. Nc5 Rc8 25. Nxa6 Rc4 26. Nb5 Rxa6 27.
Rxe7 Rxb4 28. Nc7 Rd6 29. Ne8 Bxe8 30. Rxe8+ Kf7 31. Rae1 Rd7 32. R8e2 d4 33.
Rd2 Rc4 34. Red1 Ke6 35. Kf1 Kd5 36. f3 Kc5 37. Rd3 Rc2 38. a3 Kc4 39. R1d2
Rxd2 40. Rxd2 Kc3 41. Ra2 d3 42. Ke1 Rb7 43. Ra1 d2+ 44. Ke2 Re7+ 45. Kf2 Kc2
46. Ra2+ Kc1 0-1

[Event "VII Festival Magistrale"]
[Site "Marostica ITA"]
[Date "1997.09.??"]
[Round "1"]
[White "Passerotti, Pierluigi"]
[Black "Bracaglia, Carlo"]
[Result "1/2-1/2"]
[WhiteElo "2310"]
[BlackElo "2080"]
[PlyCount "62"]
[EventDate "1997.09.07"]

1. d4 c5 2. e3 Nf6 3. Nf3 e6 4. Bd3 b6 5. Nbd2 Bb7 6. O-O Be7 7. Qe2 O-O 8. c3
d6 9. e4 Nc6 10. e5 Nd5 11. Ne4 dxe5 12. dxe5 Qc7 13. Ng3 Rad8 14. Qe4 g6 15.
Bh6 Nxc3 16. bxc3 Nb4 17. Bxf8 Bxf8 18. Qh4 Nxd3 19. Ng5 h6 20. N5e4 Nxe5 21.
Nf6+ Kh8 22. Rad1 Nd3 23. Ng4 c4 24. Nxh6 Bxh6 25. Qxh6+ Kg8 26. Qg5 Rd5 27.
Qe3 Re5 28. Qd4 Qc6 29. f3 Rd5 30. Qe3 Re5 31. Qd4 Rd5 1/2-1/2

[Event "VII Festival Magistrale"]
[Site "Marostica ITA"]
[Date "1997.09.??"]
[Round "1"]
[White "Ricca, Roberto"]
[Black "Borgo, Giulio"]
[Result "0-1"]
[WhiteElo "2145"]
[BlackElo "2370"]
[PlyCount "64"]
[EventDate "1997.09.07"]

1. f4 Nf6 2. Nf3 g6 3. g3 Bg7 4. Bg2 O-O 5. O-O c6 6. d3 Qb6+ 7. Kh1 Ng4 8. Nc3
d5 9. d4 Nd7 10. e4 dxe4 11. Nxe4 Ngf6 12. Nf2 Rd8 13. Qe2 e6 14. b3 Qc7 15.
Bb2 b6 16. Ne5 Bb7 17. Nfd3 c5 18. dxc5 Nxc5 19. Nxc5 Bxg2+ 20. Qxg2 Qxc5 21.
Rad1 Nd5 22. Bd4 Qc7 23. c4 Ne7 24. Qe2 Nf5 25. Bf2 h5 26. Kg1 Bf6 27. Rfe1 Ne7
28. Qe4 Rac8 29. h3 Rd6 30. Rxd6 Qxd6 31. Qd4 Qc7 32. Rd1 Nc6 0-1

[Event "VII Festival Magistrale"]
[Site "Marostica ITA"]
[Date "1997.09.??"]
[Round "1"]
[White "Rosino, Antonio"]
[Black "Perezzani, Stefano"]
[Result "1-0"]
[WhiteElo "2265"]
[BlackElo "1974"]
[PlyCount "247"]
[EventDate "1997.09.07"]

1. e4 e6 2. d4 d5 3. Nc3 Bb4 4. e5 Bf8 5. Nce2 c5 6. c3 Nc6 7. Nf3 Qb6 8. g3
Bd7 9. Bg2 cxd4 10. cxd4 Nge7 11. O-O Nf5 12. b3 Rc8 13. Bb2 Be7 14. Qd2 Bb4
15. Qf4 Nce7 16. Rfc1 O-O 17. Qg4 Ng6 18. h4 Bb5 19. Bf1 Bd3 20. h5 Nh6 21. Qh3
Bf5 22. Qh1 Nh8 23. Qh4 Qd8 24. Rxc8 Qxc8 25. Rc1 Qd7 26. Nh2 Be7 27. Qf4 Rc8
28. f3 Bd3 29. Qd2 Rxc1 30. Bxc1 Bxe2 31. Bxe2 f6 32. f4 fxe5 33. fxe5 N8f7 34.
Nf3 Qc7 35. Bd3 a6 36. Qc2 Qxc2 37. Bxc2 Nd8 38. Kf2 Nhf7 39. g4 Nc6 40. Bd2
Nb4 41. Bb1 h6 42. Ke2 Kf8 43. a3 Nc6 44. Bc1 Na5 45. Bc2 Nc6 46. Kd3 Ng5 47.
Nh4 Bd8 48. Ng6+ Kf7 49. Bd1 Ne4 50. Bf3 Ng5 51. Bg2 Nh7 52. Kc3 Nf8 53. Nf4
Bb6 54. Ne2 Nh7 55. b4 Nf8 56. Kd3 Nd7 57. Bb2 Bd8 58. Nc3 Be7 59. Na4 Bd8 60.
Bf3 Na7 61. Nc3 Nb6 62. Bc1 Be7 63. Bf4 Kf8 64. Bd1 Nc4 65. Bc1 Nb6 66. Bb3 Kf7
67. Ne2 Nc6 68. Bd2 Kf8 69. Ng1 Na8 70. Nf3 Nc7 71. Ba4 Nb8 72. g5 hxg5 73.
Nxg5 Nc6 74. Bxc6 bxc6 75. Nf3 Nb5 76. Bc1 Nc7 77. Kc3 Na8 78. Kb3 Nb6 79. Bf4
Bd8 80. Nd2 Kf7 81. Kc3 Nd7 82. Kb3 Nb6 83. Kc3 Nd7 84. Nb3 Nb8 85. Nc5 Bb6 86.
Bg5 a5 87. Kb3 Bc7 88. Ka4 Bb6 89. Nb3 axb4 90. Kxb4 Na6+ 91. Ka4 Ke8 92. Be3
Kd7 93. Nd2 Kc7 94. Kb3 c5 95. dxc5 Bxc5 96. Bxc5 Nxc5+ 97. Kc3 Kb6 98. Nf3
Ne4+ 99. Kb4 Nc5 100. a4 Na6+ 101. Ka3 Kc5 102. Ng5 Nc7 103. Kb3 Kd4 104. Nf7
Na6 105. a5 Nc7 106. Kb4 Ke4 107. Kc5 d4 108. Ng5+ Kxe5 109. Nf3+ Ke4 110. Nxd4
e5 111. Nc2 Kf3 112. Kc6 Ne8 113. a6 e4 114. a7 e3 115. Nxe3 Kxe3 116. a8=Q Nf6
117. Qf8 Nxh5 118. Qe8+ Kf4 119. Qxh5 g5 120. Kd5 g4 121. Qh2+ g3 122. Qg2 Kg4
123. Ke5 Kh4 124. Kf5 1-0

[Event "VII Festival Magistrale"]
[Site "Marostica ITA"]
[Date "1997.09.??"]
[Round "1"]
[White "Rossi, Carlo"]
[Black "Ventura, Boris"]
[Result "1-0"]
[WhiteElo "2355"]
[BlackElo "2125"]
[PlyCount "113"]
[EventDate "1997.09.07"]

1. e4 Nc6 2. Nf3 g6 3. d4 Bg7 4. d5 Nb8 5. h3 d6 6. Be2 Nf6 7. Nc3 O-O 8. Be3
c6 9. a4 a5 10. O-O Na6 11. Nd2 cxd5 12. exd5 Nb4 13. Nc4 Nd7 14. Nb5 b6 15. c3
Na6 16. Nd4 Qc7 17. Nc6 Re8 18. Na3 Bb7 19. Nb5 Qc8 20. Bf3 Nab8 21. Nxe7+ Rxe7
22. Nxd6 Qc7 23. Nxb7 Qxb7 24. d6 Re4 25. Qc2 f5 26. Qb3+ Kh8 27. Bxe4 fxe4 28.
Rad1 Nc6 29. Qd5 Re8 30. Bd4 Bxd4 31. Rxd4 Nd8 32. Qc4 Qc6 33. Re1 Qxc4 34.
Rxc4 Nc5 35. b4 Ncb7 36. d7 Re7 37. Rc7 Nd6 38. Rd1 N6f7 39. Rd5 Kg7 40. bxa5
bxa5 41. c4 Kf6 42. Rxa5 Re6 43. c5 Ke7 44. Ra8 Rc6 45. Rxc6 Nxc6 46. a5 Kxd7
47. a6 Kc7 48. Rg8 Ng5 49. Re8 Kd7 50. Rh8 Kc7 51. h4 Ne6 52. Rxh7+ Kb8 53.
Rb7+ Kc8 54. Rb6 Ned4 55. Kh2 Kc7 56. Kh3 Ne6 57. a7 1-0

[Event "VII Festival Magistrale"]
[Site "Marostica ITA"]
[Date "1997.09.??"]
[Round "1"]
[White "Scavo, Fernando"]
[Black "Vincenzi, Riccardo"]
[Result "1/2-1/2"]
[WhiteElo "2185"]
[BlackElo "1900"]
[PlyCount "65"]
[EventDate "1997.09.07"]

1. e4 e6 2. d4 d5 3. Nc3 Bb4 4. exd5 exd5 5. Bd3 Nf6 6. a3 Be7 7. Nge2 c6 8.
O-O O-O 9. Ng3 Re8 10. Nf5 Bxf5 11. Bxf5 Nbd7 12. Qf3 g6 13. Bd3 Bf8 14. Bg5
Bg7 15. Ne2 Qb6 16. c3 Ne4 17. Be3 f5 18. Qh3 Ndf6 19. Bf4 Nh5 20. Bc1 Qd8 21.
Ng3 Nhxg3 22. hxg3 Qd7 23. f3 Nd6 24. Kf2 b5 25. Rh1 Bf6 26. Bf4 Re7 27. b3
Rae8 28. Qh2 Nb7 29. b4 a5 30. Qh6 a4 31. Rh2 Nd8 32. Rah1 Rf7 33. Bd2 1/2-1/2

[Event "VII Festival Magistrale"]
[Site "Marostica ITA"]
[Date "1997.09.??"]
[Round "2"]
[White "Alberton, Roberto"]
[Black "Ferraro, Francesco"]
[Result "1-0"]
[WhiteElo "2190"]
[BlackElo "2060"]
[PlyCount "65"]
[EventDate "1997.09.07"]

1. e4 e5 2. Nf3 Nf6 3. d3 Nc6 4. Be2 g6 5. O-O Bg7 6. c3 O-O 7. Nbd2 a5 8. d4
d6 9. dxe5 dxe5 10. Bc4 Ne8 11. Qe2 Nd6 12. Bd5 Ne7 13. Bb3 a4 14. Bc2 Be6 15.
Rd1 Nc6 16. Nf1 Qb8 17. Ne3 b5 18. Nd5 h6 19. Be3 Qb7 20. b3 axb3 21. axb3 Rxa1
22. Rxa1 f5 23. Bc5 Rd8 24. c4 bxc4 25. bxc4 Nxe4 26. Bxe4 fxe4 27. Qxe4 Kh7
28. Ne7 Bd7 29. Nxg6 Kg8 30. Rd1 Qc8 31. h3 Bf5 32. Rxd8+ Qxd8 33. Qxf5 1-0

[Event "VII Festival Magistrale"]
[Site "Marostica ITA"]
[Date "1997.09.??"]
[Round "2"]
[White "Bracaglia, Carlo"]
[Black "Belotti, Bruno"]
[Result "0-1"]
[WhiteElo "2080"]
[BlackElo "2410"]
[PlyCount "80"]
[EventDate "1997.09.07"]

1. e4 c5 2. Nc3 e6 3. g3 d5 4. Bg2 d4 5. Nce2 d3 6. cxd3 Qxd3 7. Nf4 Qd7 8. Nf3
Nc6 9. O-O g6 10. Qe2 Bg7 11. e5 Nge7 12. b3 b6 13. Bb2 Bb7 14. d4 Nxd4 15.
Nxd4 cxd4 16. Bxb7 Qxb7 17. Bxd4 O-O 18. Bb2 Rfd8 19. Rad1 h5 20. Rxd8+ Rxd8
21. Rd1 Qa8 22. Rxd8+ Qxd8 23. Qd3 Qc8 24. h4 Nf5 25. Qe4 Bf8 26. Kg2 Qd7 27.
Nd3 Kg7 28. Kh3 Qc7 29. Nf4 Be7 30. Kg2 b5 31. a3 Qa5 32. b4 Qa4 33. Qd3 a5 34.
bxa5 Qxa5 35. Ne2 Bc5 36. Bc3 Qa8+ 37. Kg1 Qxa3 38. Qxb5 Nxg3 39. Bb2 Qf3 40.
Kh2 Nf1+ 0-1

[Event "VII Festival Magistrale"]
[Site "Marostica ITA"]
[Date "1997.09.??"]
[Round "2"]
[White "Cacco, Christian"]
[Black "Lucaroni, Massimiliano"]
[Result "1-0"]
[WhiteElo "2175"]
[BlackElo "2280"]
[PlyCount "97"]
[EventDate "1997.09.07"]

1. d4 Nf6 2. Nf3 c5 3. c3 e6 4. e3 d5 5. Bd3 Nc6 6. Nbd2 Be7 7. O-O O-O 8. Qe2
b6 9. dxc5 bxc5 10. e4 Qc7 11. Re1 Nd7 12. Nf1 Rd8 13. Bg5 f6 14. exd5 exd5 15.
Qe6+ Kh8 16. Bf4 Nde5 17. Nxe5 fxe5 18. Bxe5 Nxe5 19. Qxe5 Qxe5 20. Rxe5 Bf6
21. Rh5 h6 22. Bf5 Bxf5 23. Rxf5 Rab8 24. Ne3 Rxb2 25. Rxd5 Rdb8 26. Rxc5 Re2
27. a4 Rb3 28. Kf1 Rd2 29. Rc1 Rbb2 30. Nd1 Ra2 31. a5 Kh7 32. Rf5 Bd8 33. c4
Bxa5 34. c5 Rac2 35. Ra1 Bd8 36. Ne3 Rc3 37. Ke1 Rd7 38. Rd1 Rxd1+ 39. Nxd1 Rc2
40. Ne3 Rc3 41. Kd2 Rb3 42. c6 Rb8 43. Rc5 Bb6 44. Rc2 Rd8+ 45. Kc3 Kg6 46. Kb4
Rb8 47. Ka4 Kf7 48. c7 Rc8 49. Nd5 1-0

[Event "VII Festival Magistrale"]
[Site "Marostica ITA"]
[Date "1997.09.??"]
[Round "2"]
[White "Caruso, Augusto"]
[Black "De Vita, Gianni"]
[Result "1-0"]
[WhiteElo "2265"]
[BlackElo "2155"]
[PlyCount "65"]
[EventDate "1997.09.07"]

1. e4 c5 2. Nf3 Nc6 3. d4 cxd4 4. Nxd4 e5 5. Nb5 d6 6. N1c3 a6 7. Na3 b5 8. Nd5
Nf6 9. Bg5 Be7 10. Nxe7 Nxe7 11. f3 Bb7 12. c4 b4 13. Qa4+ Nc6 14. Nc2 a5 15.
Rd1 Qb8 16. Ne3 O-O 17. Nf5 Rd8 18. h4 Qc7 19. h5 Ne7 20. Nxe7+ Qxe7 21. h6 Qd7
22. Qxd7 Rxd7 23. hxg7 Ne8 24. c5 Rc8 25. Be3 Kxg7 26. g3 Rcc7 27. Bh3 Rd8 28.
Bf5 Nf6 29. Bh6+ Kh8 30. Bg5 Kg7 31. Rh6 Rxc5 32. Bxf6+ Kxh6 33. Bxd8 1-0

[Event "VII Festival Magistrale"]
[Site "Marostica ITA"]
[Date "1997.09.??"]
[Round "2"]
[White "Contin, Daniel"]
[Black "Danieli, Enrico"]
[Result "0-1"]
[WhiteElo "2325"]
[BlackElo "1963"]
[PlyCount "114"]
[EventDate "1997.09.07"]

1. e4 d6 2. d4 g6 3. Nc3 Bg7 4. Be2 Nf6 5. Be3 a6 6. g4 h5 7. g5 Ng4 8. Bc1 c5
9. Nf3 cxd4 10. Nxd4 Qb6 11. Bxg4 Bxg4 12. f3 Qxd4 13. Qxd4 Bxd4 14. fxg4 Bxc3+
15. bxc3 hxg4 16. Be3 Nd7 17. Rb1 b5 18. Ke2 Rc8 19. a4 bxa4 20. Rb4 Rxc3 21.
Kd2 Rc6 22. Rxa4 Ne5 23. Bf4 Nf3+ 24. Kd3 e5 25. Rb1 O-O 26. Be3 Rfc8 27. c4
Kg7 28. Rba1 Nxh2 29. Rg1 Rb8 30. Kc3 Rh8 31. Ra2 Rh3 32. Kd3 g3 33. Rag2 Nf3
34. Rf1 Nh4 35. Rgg1 g2 36. Rb1 Rg3 37. Ke2 Rxc4 38. Kd3 Ra4 39. Ra1 Rxa1 40.
Rxa1 Nf3 41. Ke2 g1=Q 42. Bxg1 Nxg1+ 43. Kf2 Rxg5 44. Rxa6 Nh3+ 45. Kf3 Rg1 46.
Rxd6 g5 47. Rd7 g4+ 48. Ke3 Re1+ 49. Kd2 Rxe4 50. Re7 Nf4 51. Re8 g3 52. Ra8
Re2+ 53. Kc3 g2 54. Ra1 Nh3 55. Kd3 Rf2 56. Ke3 Rf1 57. Ke4 Rxa1 0-1

[Event "VII Festival Magistrale"]
[Site "Marostica ITA"]
[Date "1997.09.??"]
[Round "2"]
[White "Di Lazzaro, Gabriele"]
[Black "Carli, Carlo"]
[Result "1-0"]
[WhiteElo "2030"]
[BlackElo "2003"]
[PlyCount "68"]
[EventDate "1997.09.07"]

1. Nf3 d5 2. g3 Nf6 3. Bg2 e6 4. d4 c5 5. c4 Nc6 6. cxd5 exd5 7. dxc5 Bxc5 8.
O-O h6 9. Nc3 O-O 10. Na4 Be7 11. Be3 Ne4 12. Rc1 Re8 13. a3 Bf6 14. Nd4 Ne5
15. Nb5 Nc6 16. Bf4 g5 17. Bc7 Qe7 18. Qxd5 a6 19. Nd6 Nxd6 20. Bxd6 Qxe2 21.
Nb6 Be6 22. Qe4 Qxe4 23. Bxe4 Rad8 24. Bxc6 bxc6 25. Rxc6 Bxb2 26. Na4 Bd4 27.
Bc5 Bc4 28. Be7 Bxf1 29. Bxd8 Bh3 30. Ba5 Re2 31. Rxh6 Bxf2+ 32. Kh1 g4 33. Rd6
Be3 34. Rd8+ Kh7 1-0

[Event "VII Festival Magistrale"]
[Site "Marostica ITA"]
[Date "1997.09.??"]
[Round "2"]
[White "Drei, Andrea"]
[Black "De Bortoli, Peter"]
[Result "1-0"]
[WhiteElo "2345"]
[BlackElo "2085"]
[PlyCount "83"]
[EventDate "1997.09.07"]

1. e4 c5 2. Nf3 d6 3. d4 cxd4 4. Nxd4 Nf6 5. Nc3 a6 6. Be2 e6 7. O-O Be7 8. f4
Qc7 9. a4 Nc6 10. Nb3 b6 11. Bf3 Bb7 12. Qe2 O-O 13. e5 dxe5 14. fxe5 Nd7 15.
Bf4 Nc5 16. Bxc6 Qxc6 17. Nd4 Qc7 18. Rad1 Rfe8 19. Kh1 Rad8 20. Qe3 Nd7 21.
Ne4 Nf8 22. Bg3 Ng6 23. Nf6+ gxf6 24. exf6 Bd6 25. Qh6 Bf8 26. Qxf8+ Rxf8 27.
Bxc7 Rc8 28. Bxb6 e5 29. Nf5 Rxc2 30. Rf2 Rxf2 31. Bxf2 Rc8 32. Bc5 h5 33. b4
Bc6 34. Rd6 Bxa4 35. Rxa6 Bb5 36. Rb6 Bd7 37. Nh6+ Kh7 38. Nxf7 Ra8 39. Ng5+
Kh6 40. Nf7+ Kh7 41. h3 Ra2 42. Ng5+ 1-0

[Event "VII Festival Magistrale"]
[Site "Marostica ITA"]
[Date "1997.09.??"]
[Round "2"]
[White "Everet, Alexandro"]
[Black "Rossi, Carlo"]
[Result "1/2-1/2"]
[WhiteElo "2225"]
[BlackElo "2355"]
[PlyCount "96"]
[EventDate "1997.09.07"]

1. d4 Nc6 2. e4 d5 3. Bb5 dxe4 4. d5 a6 5. Be2 Ne5 6. Qd4 Ng6 7. Nc3 e5 8. Qa4+
Bd7 9. Qb3 Nf6 10. Bg5 Be7 11. Bxf6 gxf6 12. Nxe4 f5 13. Nd2 b5 14. O-O-O O-O
15. h4 Bd6 16. h5 Ne7 17. Nh3 Kh8 18. f4 f6 19. Rhf1 Rg8 20. fxe5 fxe5 21. Nf4
Qf8 22. Ne6 Qh6 23. g4 fxg4 24. Kb1 Nxd5 25. Nxc7 Bxc7 26. Qxd5 Bc6 27. Qc5
Rad8 28. Bd3 Qd6 29. Qe3 Rd7 30. Bf5 Rf7 31. Ne4 Qf8 32. Ng3 Qe7 33. Qc3 Qe8
34. h6 Bf3 35. Rde1 Rgf8 36. Bd3 Qe7 37. a4 b4 38. Qd2 a5 39. Bc4 Rf4 40. b3 e4
41. Nxe4 Rxe4 42. Rxe4 Qxe4 43. Qd7 Qg6 44. Qxc7 Qxh6 45. Qxa5 Qd6 46. Bd3 Rf7
47. Qh5 Re7 48. Qf5 Qh6 1/2-1/2

[Event "VII Festival Magistrale"]
[Site "Marostica ITA"]
[Date "1997.09.??"]
[Round "2"]
[White "Micheli, Carlo"]
[Black "Rosino, Antonio"]
[Result "1/2-1/2"]
[WhiteElo "2295"]
[BlackElo "2265"]
[PlyCount "89"]
[EventDate "1997.09.07"]

1. d3 d5 2. Nf3 Nf6 3. c4 c6 4. Qc2 Nbd7 5. e4 dxe4 6. dxe4 e5 7. Be2 Be7 8.
O-O O-O 9. b3 Re8 10. Bb2 Qc7 11. Nbd2 Bc5 12. Ne1 Bd4 13. Bxd4 exd4 14. f4 Nc5
15. e5 Ng4 16. Bxg4 Bxg4 17. b4 Na6 18. a3 Qd7 19. Nb3 Rad8 20. Nd3 Bf5 21.
Rad1 b6 22. Qf2 Bxd3 23. Rxd3 c5 24. b5 Nc7 25. Nd2 Qf5 26. Qf3 Qe6 27. Re1 f5
28. a4 a5 29. h3 Qf7 30. Kh2 Ne6 31. Rf1 Rf8 32. Qc6 Rb8 33. Qf3 Qb7 34. Qe2
Rf7 35. Rdf3 Rbf8 36. Qf2 Qe7 37. h4 h5 38. Kh3 Qb7 39. Rg3 Kh7 40. Kh2 g6 41.
Rd3 Kg7 42. Qg3 Rd7 43. Re1 Rdd8 44. Nf3 Qe7 45. Kg1 1/2-1/2

[Event "VII Festival Magistrale"]
[Site "Marostica ITA"]
[Date "1997.09.??"]
[Round "2"]
[White "Mrdja, Milan"]
[Black "Scavo, Fernando"]
[Result "1-0"]
[WhiteElo "2390"]
[BlackElo "2185"]
[PlyCount "59"]
[EventDate "1997.09.07"]

1. e4 e6 2. d4 d5 3. Nc3 Bb4 4. e5 c5 5. a3 Bxc3+ 6. bxc3 Ne7 7. Qg4 Kf8 8. Qd1
Qc7 9. Nf3 b6 10. Bd3 Ba6 11. O-O Bxd3 12. cxd3 Nbc6 13. dxc5 Nxe5 14. Nxe5
Qxe5 15. cxb6 axb6 16. Qb3 f6 17. Be3 Kf7 18. a4 Rhc8 19. Rfc1 Rc6 20. Bxb6 Rb8
21. a5 Nc8 22. Qa4 Rxc3 23. Qd7+ Kg6 24. Qe8+ Kh6 25. Be3+ g5 26. Rxc3 Qxc3 27.
Rc1 Qxd3 28. h4 Qg6 29. Qxe6 f5 30. Bxg5+ 1-0

[Event "VII Festival Magistrale"]
[Site "Marostica ITA"]
[Date "1997.09.??"]
[Round "2"]
[White "Nurkic, Sahbaz"]
[Black "Passerotti, Pierluigi"]
[Result "1-0"]
[WhiteElo "2430"]
[BlackElo "2310"]
[PlyCount "43"]
[EventDate "1997.09.07"]

1. e4 c5 2. c3 d6 3. d4 Nf6 4. Bd3 cxd4 5. cxd4 Nc6 6. Ne2 g6 7. Nbc3 Bg7 8.
O-O O-O 9. h3 e5 10. d5 Nb4 11. Bb1 a5 12. a3 Na6 13. Be3 Bd7 14. Bd3 Nc5 15.
Bc2 a4 16. Rc1 Qa5 17. Kh1 Rfe8 18. Ng3 Bb5 19. Re1 Nfd7 20. Qd2 Bc4 21. Bh6
Bh8 22. Nf5 1-0

[Event "VII Festival Magistrale"]
[Site "Marostica ITA"]
[Date "1997.09.??"]
[Round "2"]
[White "Pegoraro, Nicola"]
[Black "Farago, Ivan"]
[Result "1/2-1/2"]
[WhiteElo "2115"]
[BlackElo "2445"]
[PlyCount "52"]
[EventDate "1997.09.07"]

1. e4 c5 2. Nf3 e6 3. d4 cxd4 4. Nxd4 a6 5. c4 Nf6 6. Nc3 Bb4 7. e5 Ne4 8. Qg4
Nxc3 9. a3 Bf8 10. bxc3 Qa5 11. Qg3 d6 12. exd6 Bxd6 13. Qxd6 Qxc3+ 14. Bd2
Qxa1+ 15. Ke2 Qb2 16. Ke3 Nc6 17. Nxc6 Qb6+ 18. Qd4 Qxc6 19. Qxg7 Qc5+ 20. Ke2
Qf8 21. Qf6 Rg8 22. Bb4 Rg6 23. Qh4 Rh6 24. Qd4 Qg8 25. Qc5 Qg4+ 26. f3 Qh4
1/2-1/2

[Event "VII Festival Magistrale"]
[Site "Marostica ITA"]
[Date "1997.09.??"]
[Round "2"]
[White "Perezzani, Stefano"]
[Black "De Vita, Igor"]
[Result "1-0"]
[WhiteElo "1974"]
[BlackElo "2115"]
[PlyCount "79"]
[EventDate "1997.09.07"]

1. e4 Nf6 2. Bc4 b5 3. Bb3 Bb7 4. d3 c5 5. Nf3 d6 6. O-O e6 7. Nc3 a6 8. Ng5 h6
9. Nh3 Nc6 10. a3 Nd4 11. Ba2 Qc7 12. Ne2 Be7 13. Bd2 Rc8 14. f3 O-O 15. c3
Nxe2+ 16. Qxe2 Rfe8 17. Rac1 Nd7 18. f4 d5 19. e5 Bf8 20. d4 cxd4 21. cxd4 Qb6
22. Be3 Nb8 23. Rcd1 b4 24. axb4 Bc6 25. Qg4 Bb5 26. Rf2 Nc6 27. Bb1 Ne7 28. f5
Nxf5 29. Bxf5 exf5 30. Qxf5 Qe6 31. Qf3 g5 32. Qg3 Bg7 33. Re1 Re7 34. Rd2 Rc4
35. Nf2 Rxb4 36. h4 gxh4 37. Qxh4 Bxe5 38. Bf4 Qf6 39. Qg3+ Qg7 40. Qxg7+ 1-0

[Event "VII Festival Magistrale"]
[Site "Marostica ITA"]
[Date "1997.09.??"]
[Round "2"]
[White "Quinn, Mark Peter"]
[Black "Ricca, Roberto"]
[Result "1-0"]
[WhiteElo "2375"]
[BlackElo "2145"]
[PlyCount "32"]
[EventDate "1997.09.07"]

1. d4 f5 2. g3 Nf6 3. Bg2 g6 4. Nh3 Bg7 5. c3 Nc6 6. Nd2 e5 7. d5 Nb8 8. d6
cxd6 9. Nc4 Qc7 10. Nxd6+ Ke7 11. Nb5 Qb6 12. a4 Ng4 13. b3 Rd8 14. O-O h6 15.
Ba3+ d6 16. c4 a5 1-0

[Event "VII Festival Magistrale"]
[Site "Marostica ITA"]
[Date "1997.09.??"]
[Round "2"]
[White "Torelli, Mirco"]
[Black "Astengo, Marcello"]
[Result "1-0"]
[WhiteElo "1947"]
[BlackElo "2040"]
[PlyCount "79"]
[EventDate "1997.09.07"]

1. d4 d5 2. c4 e6 3. Nc3 Be7 4. Nf3 c6 5. e3 Nf6 6. Bd3 Nbd7 7. O-O dxc4 8.
Bxc4 b5 9. Bd3 Bb7 10. e4 b4 11. Ne2 c5 12. e5 Nd5 13. dxc5 Bxc5 14. Ng3 h6 15.
Nh5 g6 16. Ng3 Be7 17. Qe2 Rc8 18. Bd2 Nc5 19. Bb5+ Kf8 20. Rfd1 Qb6 21. Rac1
Kg7 22. b3 Rc7 23. Bc4 Rhc8 24. h4 a5 25. h5 g5 26. Bxd5 Bxd5 27. Be3 Qb7 28.
Nd4 Bxg2 29. f3 Bh3 30. Kh2 Bf5 31. Ngxf5+ exf5 32. Nxf5+ Kf8 33. Nd6 Qb8 34.
Qc2 Kg8 35. Qf5 Bxd6 36. exd6 Rc6 37. Rxc5 Rxc5 38. Bxc5 Re8 39. Qd3 Re5 40.
Bf2 1-0

[Event "VII Festival Magistrale"]
[Site "Marostica ITA"]
[Date "1997.09.??"]
[Round "2"]
[White "Ventura, Boris"]
[Black "Lapiccirella, Mattia"]
[Result "0-1"]
[WhiteElo "2125"]
[BlackElo "1930"]
[PlyCount "58"]
[EventDate "1997.09.07"]

1. e4 c5 2. Nf3 Nc6 3. d4 cxd4 4. Nxd4 Nf6 5. Nc3 d6 6. f4 a6 7. Nf3 e6 8. Bd3
Qc7 9. O-O Be7 10. Qe1 O-O 11. Kh1 b5 12. a3 Bb7 13. Qg3 Rfd8 14. Bd2 Na5 15.
b3 d5 16. e5 Ne4 17. Qe1 Nxd2 18. Qxd2 Nc4 19. bxc4 dxc4 20. Bxh7+ Kxh7 21. Qe2
g6 22. Ng5+ Kg7 23. Qg4 Rd2 24. Nce4 Rxc2 25. f5 exf5 26. Rxf5 Bxg5 27. Raf1
Rf8 28. Qxg5 Bxe4 29. Qf6+ Kg8 0-1

[Event "VII Festival Magistrale"]
[Site "Marostica ITA"]
[Date "1997.09.??"]
[Round "2"]
[White "Vincenzi, Riccardo"]
[Black "Naumkin, Igor"]
[Result "0-1"]
[WhiteElo "1900"]
[BlackElo "2410"]
[PlyCount "52"]
[EventDate "1997.09.07"]

1. c4 e5 2. Nc3 Nf6 3. g3 Bb4 4. Bg2 O-O 5. e4 Bxc3 6. bxc3 c6 7. Qb3 b6 8. Ne2
Bb7 9. c5 Ba6 10. d4 Re8 11. f3 exd4 12. cxd4 bxc5 13. dxc5 d5 14. cxd6 Qxd6
15. Bb2 Nbd7 16. Rd1 Nd5 17. Rd2 Rab8 18. Qa3 Qxa3 19. Bxa3 Ne5 20. Rd4 Ne3 21.
Kf2 Nc2 22. Ra4 Nd3+ 23. Kg1 Rb1+ 24. Bf1 Ne3 25. Nc1 Nxc1 26. Rxa6 Nd3 0-1

[Event "VII Festival Magistrale"]
[Site "Marostica ITA"]
[Date "1997.09.??"]
[Round "3"]
[White "Alberton, Roberto"]
[Black "Drei, Andrea"]
[Result "0-1"]
[WhiteElo "2190"]
[BlackElo "2345"]
[PlyCount "54"]
[EventDate "1997.09.07"]

1. e4 c5 2. Nc3 Nc6 3. Nge2 e6 4. d4 cxd4 5. Nxd4 Qc7 6. Be3 a6 7. g3 Nf6 8.
Bg2 Ne5 9. O-O d6 10. a4 Be7 11. Kh1 Bd7 12. f4 Nc4 13. Bc1 O-O 14. g4 h6 15.
b3 Ne3 16. Bxe3 Qxc3 17. Bg1 Rac8 18. Rf3 Qc7 19. Rf2 d5 20. exd5 exd5 21. h3
Ne4 22. Bxe4 dxe4 23. c4 Bf6 24. Raa2 Rcd8 25. Rf1 Bc6 26. Be3 Rxd4 27. Bxd4
Rd8 0-1